LEADER 01160nam0 22002771i 450 001 UON00392991 005 20231205104621.333 100 $a20110525d1955 |0itac50 ba 101 $arus 102 $aSU 105 $a||||a ||||| 200 1 $aˆ"‰Slovo o polku Igoreve"$eBibliografija izdanij, perevodov i issledovanij 1938-1954$fsost. L. A. Dmitriev 205 $aMoskva$gLeningrad : Akademija Nauk SSSR 210 $a90 p.$a21 cm 215 $aIn testa al front.: Akademija Nauk SSSR. Institut russkoj literatury (Puskinskij Dom). 606 $aSLOVO O POLKU IGOREVE$3UONC038632$2FI 620 $aRU$dMoskva$3UONL003152 676 $a891.71$cletteratura russa. Poesia$v22 700 1$aDMITRIEV$bLev Aleksandrovi?$3UONV202154$0705552 712 $aAkademija Nauk SSSR$3UONV247334$4650 801 $aIT$bSOL$c20241213$gRICA 899 $aSIBA - SISTEMA BIBLIOTECARIO DI ATENEO$2UONSI 912 $aUON00392991 950 $aSIBA - SISTEMA BIBLIOTECARIO DI ATENEO$dSI SL FL 1 0059 $eSI MR 54283 5 0059 $sBuono 996 $aSlovo o polku Igoreve"$91350870 997 $aUNIOR LEADER 01108nam a2200277 i 4500 001 991003710149707536 005 20250310130232.0 008 090302s2009 it 001 | ita d 020 $a9788815107145 035 $ab14375266-39ule_inst 040 $aBibl. Dip.le Aggr. Scienze Economia - Sez. Settore Economico$bita 082 04$a519.53 100 1 $aLeti, Giuseppe$066484 245 10$aElementi di statistica descrittiva /$cGiuseppe Leti, Loredana Cerbara 260 $aBologna :$bIl mulino,$cc2009 300 $a378 p. ;$c24 cm 490 1 $aManuali.$aEconomia 504 $aBibliografia: p. 377-378 650 04$aStatistica$vManuali 700 1 $aCerbara, Loredana$eauthor$4http://id.loc.gov/vocabulary/relators/aut$0117606 907 $a.b14375266$b19-12-19$c30-10-19 912 $a991003710149707536 945 $aLE025 ECO 519.5 LET01.02$g1$i2025000285774$lle025$nLibro di testo a.a. 2019/2020 Prof.ssa Palma$o-$pE30.00$q-$rl$sc$t16$u0$v0$w0$x0$y.i15911160$z19-12-19 996 $aElementi di statistica descrittiva$9978053 997 $aUNISALENTO 998 $ale025$b30-10-19$cm$da$fita$git$h0$i0